Emilio
Guardat en:
| Autor principal: | |
|---|---|
| Format: | Llibre |
| Idioma: | espanyol |
| Publicat: |
Buenos Aires
Safian
1955
|
| Matèries: | |
| Etiquetes: |
Afegir etiqueta
Sense etiquetes, Sigues el primer a etiquetar aquest registre!
|
MARC
| LEADER | 00000nam a2200000 a 4500 | ||
|---|---|---|---|
| 001 | UCG1836 | ||
| 003 | CL-VaPUC | ||
| 008 | 100520e19550000AG |||||||||||||||||spa|d | ||
| 082 | 0 | 4 | |a 370.1 |b ROU |2 21 |
| 100 | |a Rousseau, Jean Jacques |e autor |9 255697 | ||
| 245 | 1 | 0 | |a Emilio |
| 300 | |a 338 p | ||
| 942 | |c BK | ||
| 945 | |d 20100520 00:00:00 |a dcastane | ||
| 260 | |a Buenos Aires |b Safian |c 1955 | ||
| 650 | 0 | |a Filosofía de la educación |9 258384 | |
| 583 | |a last modification |c 20100520 00:00:00 |k Rodrigo Vera | ||
| 999 | |c 341095 |d 341093 | ||
| 952 | |0 0 |1 0 |4 0 |6 370_100000000000000_ROU_1955 |7 0 |8 A |9 436371 |a BIBEDU |b BIBEDU |d 2019-11-22 |i 4678338 |o 370.1 ROU 1955 |p 4678338 |r 2019-11-22 |w 2019-11-22 |y BK |k EPE | ||